| 000 | 01047nam a2200265 4500 | ||
|---|---|---|---|
| 001 | 123061 | ||
| 003 | ES-MaACL | ||
| 005 | 20240126063007.0 | ||
| 007 | t| | ||
| 008 | 070214m19191927fr r ||||0| fre d | ||
| 100 | 1 |
_aProust, Marcel, _d1871-1922 _994056 |
|
| 245 | 1 | 0 |
_aA la recherche du temps perdu / _cMarcel Proust. |
| 250 | _a12e éd. | ||
| 260 |
_aParis : _bGallimard, _c1919 - 1927. |
||
| 300 |
_a15 v ; _c18 cm. |
||
| 505 | 8 | _aContiene: t. I: Du côté de chez Swann, 2 v. --- t. II: l'ombre des jeunes filles en fleurs, 2 v. [Falta el v. 3] --- t. III: Le Côté de Guermantes ; Sodome et Gomorrhe, 2 v. --- t. IV-VI: Sodome et Gomorrhe, 5 v. --- t. VII: Albertine disparue, 2 v. --- t. VIII: Le temps retrouvé, 2 v | |
| 740 | 0 | _aDu côté de chez Swann. | |
| 740 | 0 | _al'ombre des jeunes filles en fleurs. | |
| 740 | 0 | _aLe Côté de Guermantes. | |
| 740 | 0 | _aSodome et Gomorrhe. | |
| 740 | 0 | _aAlbertine disparue. | |
| 740 | 0 | _aLe temps retrouvé. | |
| 852 |
_aES-MaACL _jF-6896-911 |
||
| 999 |
_c123061 _d123061 |
||